000 01243nam a2200325 c 4500
999 _c342283
_d342283
003 BLK
005 20200727113402.0
008 180911b bul|||||r ||||||| ||bul||
010 _a001922
040 _aBLK
041 _aBUL
_cBUL
080 _z886.7-31
100 1 _aПЕТКАНОВ, Константин
_eпърви автор
_9396984
245 0 0 _aМорава звезда кървава
_cКонстантин Петканов
246 _aРоман
_pепос-романи
260 _aСофия
_bизд. авт.
_c1934
_fХудожник
300 _a216 с
_c21 см
380 _a82
490 _aЧастна колекция - Академик Михаил Арнаудов
_gДарение - Основен фонд
500 _aКн. е четвъртият роман от серията Жътва. Хроника на селото от същия автор. - Автограф с текст: На г. проф. М. Арнаудов С почит : 25. ХII К. Н. Петканов
650 _aПроза
_9167961
650 _aРомани
_9396566
653 _aепос
653 _aромани
655 _aбългарска литература
_9420704
762 _9409507
_m1
_nТекст: На г. проф. М. Арнаудов С почит : 25.ХII К. Н. Петканов
_tАвтограф от Константин Петканов
_aПослания на времето
_bАкад. Михаил Арнаудов - послания и дарствени слова
_gАкадемик Михаил Арнаудов е личност със значимо присъствие в българската култура и принос в областта на науката, литературата, фолклора, историята на българското Възраждане, социологията, философията и народопсихологията. Цялото документално и библиотечно наследство на родения в Русе виден учен е национално богатство от изключително значение. Единствено Регионална библиотека „Любен Каравелов“ – Русе притежава колекция от над 1500 книги от личната библиотека на Михаил Арнаудов с автографи, послания и дарствени надписи от български и чужди знакови личности. Зад всеки автограф се крие историята на взаимоотношенията между Академика и неговите съвременници. Тези автографи са неизвестни и неизследвани страници от българското културно наследство.
763 1 _9108756
_aПетканов, Константин
_d12.12.1891 – 12.02.1952
_gКонстантин Петканов е български писател и публицист. През 30-те години на ХХ век сътрудничи на списанията „Златорог“, „Завет“, както и на „Философски преглед“, редактиран от Димитър Михалчев. Трайни следи оставя запознанството и приятелството му с Илия Бешков. Библиотекар на Българо-югославското дружество (1933 – 1934) и член на масонска ложа. За пръв път печата през 1920 г. в бургаския в. „Странджа“. Творчеството на Константин Петканов е огромно по обем – романи, повести, драми, произведения за деца, есета, политически и народоведски статии, спомени и рецензии. Първата му книга „Самодива“ – поема в проза, излиза през 1923 г. Изключително продуктивен е през 30-те години на ХХ век – издава 12 романа, 3 повести и много исторически разкази. През 1945 г. Константин Петканов става академик на Българската академия на науките. Член на Съюза на българските писатели.
_i409507
_m1
_qКонстантин Петканов
852 _aМА 409
_bМА
942 _cKNG
_n0
_s1
944 _aCR
_c1995
_kValK
999 _d342283
999 _d342283
999 _d342283
999 _d342283
999 _d342283
999 _d342283
999 _d342283
999 _d342283